Marketing research / (Record no. 31028)

MARC details
000 -LEADER
fixed length control field 01249cam a2200361ua 4500
001 - CONTROL NUMBER
control field 008069374
003 - CONTROL NUMBER IDENTIFIER
control field EG-ScBUE
005 - DATE AND TIME OF LATEST TRANSACTION
control field 20251130101551.0
008 - FIXED-LENGTH DATA ELEMENTS--GENERAL INFORMATION
fixed length control field 951120t1995 nyua f 001 0 eng d
020 ## - INTERNATIONAL STANDARD BOOK NUMBER
International Standard Book Number 0471552542
020 ## - INTERNATIONAL STANDARD BOOK NUMBER
International Standard Book Number 9780471552543
040 ## - CATALOGING SOURCE
Original cataloging agency EG-ScBUE
Language of cataloging eng
Description conventions rda
Transcribing agency EG-ScBUE
Modifying agency EG-ScBUE
082 04 - DEWEY DECIMAL CLASSIFICATION NUMBER
Classification number 658.83
Edition number 22
Item number AAK
100 1# - MAIN ENTRY--PERSONAL NAME
Personal name Aaker, David A.,
Relator term author.
245 10 - TITLE STATEMENT
Title Marketing research /
Statement of responsibility, etc David A. Aaker, University of California, Berkeley, V. Kumar, University of Houston, George S. Day, University of Pennsylvania, Wharton School.
250 ## - EDITION STATEMENT
Edition statement Fifth edition.
264 #1 - PUBLICATION, DISTRIBUTION, ETC. (IMPRINT)
Place of publication, distribution, etc New York :
Name of publisher, distributor, etc John Wiley & Sons, Inc.,
Date of publication, distribution, etc [1995]
264 #4 - PUBLICATION, DISTRIBUTION, ETC. (IMPRINT)
Date of publication, distribution, etc c1995
300 ## - PHYSICAL DESCRIPTION
Extent xvi, 783 pages :
Other physical details illustrations ;
Dimensions 26 cm
336 ## - CONTENT TYPE
Content type term text
Source rdacontent
Content type code txt
337 ## - MEDIA TYPE
Media type term unmediated
Source rdamedia
Media type code n
338 ## - CARRIER TYPE
Carrier type term volume
Source rdacarrier
Carrier type code nc
500 ## - GENERAL NOTE
General note Previous ed.: 1990.
504 ## - BIBLIOGRAPHY, ETC. NOTE
Bibliography, etc Includes bibliographical references and index.
540 ## - TERMS GOVERNING USE AND REPRODUCTION NOTE
Terms governing use and reproduction Current Copyright Fee: GBP32.00
Authorization 0
Institution to which field applies Uk
650 #7 - SUBJECT ADDED ENTRY--TOPICAL TERM
Topical term or geographic name as entry element Marketing research.
Source of heading or term BUEsh
653 1# - INDEX TERM--UNCONTROLLED
Uncontrolled term Market research
655 ## - INDEX TERM--GENRE/FORM
Form subdivision Reading book
700 1# - ADDED ENTRY--PERSONAL NAME
Personal name Kumar, V.,
Dates associated with a name 1957-
Relator term author.
700 1# - ADDED ENTRY--PERSONAL NAME
Personal name Day, George S.,
Relator term author.
942 ## - ADDED ENTRY ELEMENTS (KOHA)
Source of classification or shelving scheme Dewey Decimal Classification
Koha item type Book - Borrowing
Holdings
Withdrawn status Lost status Source of classification or shelving scheme Damaged status Not for loan Collection code Home library Current library Shelving location Date acquired Source of acquisition Total Checkouts Full call number Barcode Date last seen Price effective from Koha item type
    Dewey Decimal Classification     Donation-Gift Central Library Central Library First floor 30/11/2025 Donation   658.83 AAK 000057424 30/11/2025 30/11/2025 Book - Borrowing